[Event "XVIII Festival A"]
[Site "Porto San Giorgio ITA"]
[Date "2006.08.21"]
[Round "1"]
[White "Soncin, Denis"]
[Black "Miezis, Normunds"]
[Result "0-1"]
[WhiteElo "2055"]
[BlackElo "2527"]
[PlyCount "52"]
[EventDate "2006.08.21"]

1. e4 c5 2. Nf3 e6 3. d3 Nc6 4. g3 h6 5. Bg2 g5 6. h3 Bg7 7. Nbd2 Nge7 8. O-O
d5 9. Re1 O-O 10. c3 Ng6 11. Nb3 b6 12. d4 dxe4 13. Rxe4 cxd4 14. cxd4 Bb7 15.
Re1 Rc8 16. Be3 Nb4 17. Re2 Ba6 18. Rd2 Nd5 19. Rc1 Qd6 20. Qe1 Nb4 21. Rxc8
Rxc8 22. Qb1 Ne7 23. Ne5 Nf5 24. Be4 Nxe3 25. Bh7+ Kf8 26. Nxf7 Kxf7 0-1

[Event "XVIII Festival A"]
[Site "Porto San Giorgio ITA"]
[Date "2006.08.21"]
[Round "1"]
[White "Sulava, Nenad"]
[Black "Martelli, Andrea"]
[Result "1-0"]
[WhiteElo "2489"]
[BlackElo "2039"]
[PlyCount "67"]
[EventDate "2006.08.21"]

1. Nf3 f5 2. d3 Nf6 3. e4 d6 4. exf5 Bxf5 5. d4 c5 6. dxc5 Qa5+ 7. Nc3 Qxc5 8.
Bb5+ Nc6 9. O-O e5 10. Be3 Qb4 11. Nd5 Nxd5 12. Qxd5 Qe4 13. Qb3 Qxc2 14. Qxc2
Bxc2 15. Rac1 Bf5 16. Nxe5 dxe5 17. Rxc6 bxc6 18. Bxc6+ Kf7 19. Bxa8 Be7 20.
Bd5+ Be6 21. Bxe6+ Kxe6 22. Rc1 Rb8 23. b3 a5 24. Rc6+ Kd5 25. Rc7 Ke6 26. Ra7
Rb5 27. Kf1 Rd5 28. Ke2 e4 29. Bd2 Bb4 30. Bxb4 axb4 31. Ke3 Rf5 32. Rxg7 Ra5
33. Rxh7 Rxa2 34. Rb7 1-0

[Event "XVIII Festival A"]
[Site "Porto San Giorgio ITA"]
[Date "2006.08.21"]
[Round "1"]
[White "Valori, Vincenzo"]
[Black "Fercec, Nenad"]
[Result "0-1"]
[WhiteElo "2049"]
[BlackElo "2497"]
[PlyCount "52"]
[EventDate "2006.08.21"]

1. e4 c5 2. Nc3 d6 3. f4 Nc6 4. Nf3 Bg4 5. h3 Bxf3 6. Qxf3 Nd4 7. Qd1 e5 8.
Bb5+ Nxb5 9. Nxb5 a6 10. Nc3 Qh4+ 11. Ke2 Qxf4 12. d3 Qg3 13. Qf1 Nf6 14. Be3
Be7 15. Re1 O-O 16. Qf5 Qxg2+ 17. Kd1 Qg6 18. Qf2 c4 19. Reg1 Qh5+ 20. Kd2 cxd3
21. cxd3 d5 22. Rg5 Nxe4+ 23. Nxe4 Bxg5 24. Nxg5 d4 25. Nf3 dxe3+ 26. Qxe3 e4
0-1

[Event "XVIII Festival A"]
[Site "Porto San Giorgio ITA"]
[Date "2006.08.22"]
[Round "2"]
[White "Bokros, Albert"]
[Black "Buono, Michele"]
[Result "1-0"]
[WhiteElo "2464"]
[BlackElo "2135"]
[PlyCount "59"]
[EventDate "2006.08.21"]

1. e4 g6 2. d4 Bg7 3. Nc3 d5 4. e5 c5 5. f4 cxd4 6. Qxd4 e6 7. Nf3 a6 8. Be3
Nd7 9. Qd2 Ne7 10. Bd3 b5 11. O-O O-O 12. Ne2 Nb6 13. b3 Bb7 14. Ned4 Qc7 15.
Qa5 Nec8 16. a4 bxa4 17. Rxa4 Re8 18. Rfa1 Bf8 19. R4a2 Bc5 20. Kh1 Bf8 21. g4
Kh8 22. Kg2 Be7 23. h4 Bd8 24. h5 Kg7 25. hxg6 hxg6 26. Rh1 Nc4 27. Qe1 Nxe3+
28. Qxe3 Nb6 29. f5 exf5 30. Qh6+ 1-0

[Event "XVIII Festival A"]
[Site "Porto San Giorgio ITA"]
[Date "2006.08.22"]
[Round "2"]
[White "Cerquitella, Luca"]
[Black "Burmakin, Vladimir"]
[Result "0-1"]
[WhiteElo "2185"]
[BlackElo "2558"]
[PlyCount "71"]
[EventDate "2006.08.21"]

1. e4 b6 2. Nc3 Bb7 3. d4 e6 4. a3 d5 5. exd5 exd5 6. Nf3 Be7 7. Bd3 Nf6 8. O-O
O-O 9. Re1 c5 10. Bg5 c4 11. Bf1 Re8 12. Ne5 Nc6 13. g3 h6 14. Bf4 Bf8 15. h4
a6 16. Bg2 b5 17. b4 a5 18. Nxb5 axb4 19. axb4 Rxa1 20. Qxa1 Qb6 21. Nxc6 Rxe1+
22. Qxe1 Bxc6 23. Nd6 Bd7 24. Qe5 Be6 25. Nf5 Nd7 26. Qc7 Bxf5 27. Bxd5 Qxc7
28. Bxc7 Bxb4 29. Bxc4 Bxc2 30. Kf1 Nf6 31. Ke2 Be4 32. f3 Bc6 33. g4 Nd5 34.
Bg3 Kf8 35. h5 Ke7 36. f4 0-1

[Event "XVIII Festival A"]
[Site "Porto San Giorgio ITA"]
[Date "2006.08.22"]
[Round "2"]
[White "Jaracz, Pawel"]
[Black "Massironi, Marco"]
[Result "1-0"]
[WhiteElo "2485"]
[BlackElo "2150"]
[PlyCount "31"]
[EventDate "2006.08.21"]

1. e4 c5 2. Nc3 Nc6 3. Nf3 e6 4. d4 cxd4 5. Nxd4 a6 6. Be3 Nf6 7. Bd3 Qc7 8.
O-O d6 9. f4 Bd7 10. Qf3 Be7 11. Qg3 h5 12. h3 b5 13. Nf3 Rb8 14. e5 h4 15.
Qxg7 Rg8 16. exf6 1-0

[Event "XVIII Festival A"]
[Site "Porto San Giorgio ITA"]
[Date "2006.08.22"]
[Round "2"]
[White "Miezis, Normunds"]
[Black "Borgiani, Flavio"]
[Result "1-0"]
[WhiteElo "2527"]
[BlackElo "2169"]
[PlyCount "67"]
[EventDate "2006.08.21"]

1. c4 g6 2. Nc3 Bg7 3. g3 e5 4. Bg2 Nc6 5. d3 Nge7 6. h4 h6 7. Nd5 a5 8. Nf3 d6
9. e4 Bg4 10. Ne3 Bd7 11. Bd2 f5 12. Nd5 Nd4 13. Nxd4 Nxd5 14. Nxf5 Nf6 15.
Nxg7+ Kf8 16. h5 Kxg7 17. hxg6 Qe8 18. f4 Qxg6 19. Qf3 Bg4 20. Qf2 Nd7 21. Be3
c5 22. f5 Qf6 23. Rh4 h5 24. Bf3 Bxf3 25. Qxf3 Qd8 26. Rxh5 Nf6 27. Rxh8 Qxh8
28. O-O-O Qh3 29. Rh1 Qg4 30. Qxg4+ Nxg4 31. Kd2 Rg8 32. Ke2 Kf6 33. Bd2 Kg7
34. Kf3 1-0

[Event "XVIII Festival A"]
[Site "Porto San Giorgio ITA"]
[Date "2006.08.22"]
[Round "2"]
[White "Naumkin, Igor"]
[Black "Foglia, Maurizio"]
[Result "1-0"]
[WhiteElo "2430"]
[BlackElo "2117"]
[PlyCount "57"]
[EventDate "2006.08.21"]

1. d4 Nf6 2. c4 e6 3. Nf3 d5 4. Bg5 Be7 5. e3 O-O 6. Nc3 h6 7. Bh4 b6 8. Rc1
Bb7 9. Bd3 Nbd7 10. O-O c5 11. Qe2 Ne4 12. Bg3 Nxg3 13. hxg3 Nf6 14. Rfd1 a6
15. dxc5 bxc5 16. cxd5 exd5 17. e4 d4 18. e5 Nd7 19. Ne4 Bd5 20. b4 cxb4 21.
Bb1 Qa5 22. Rxd4 Rfd8 23. Rcd1 Bxe4 24. Bxe4 Kf8 25. Bxa8 Rxa8 26. Rd5 Qa4 27.
Nd4 Rc8 28. e6 fxe6 29. Nxe6+ 1-0

[Event "XVIII Festival A"]
[Site "Porto San Giorgio ITA"]
[Date "2006.08.22"]
[Round "2"]
[White "Orlov, Andrey"]
[Black "Calandri, Fausto"]
[Result "1/2-1/2"]
[WhiteElo "2439"]
[BlackElo "2123"]
[PlyCount "62"]
[EventDate "2006.08.21"]

1. e4 e6 2. d4 d5 3. e5 c5 4. c3 Qb6 5. Nf3 Nc6 6. a3 Nh6 7. b4 cxd4 8. cxd4
Nf5 9. Be3 Bd7 10. Bd3 Nxe3 11. fxe3 Rc8 12. O-O Be7 13. Nbd2 O-O 14. Nb3 a5
15. b5 Nb8 16. a4 f5 17. exf6 Rxf6 18. Qb1 h6 19. Ne5 Rxf1+ 20. Qxf1 Be8 21.
Rc1 Rxc1 22. Qxc1 Qd8 23. Nc5 Qc8 24. Qc2 b6 25. Nxe6 Qxe6 26. Bf5 Qd6 27. Qc8
Kf8 28. Ng6+ Kf7 29. Ne5+ Kf8 30. Ng6+ Kf7 31. Ne5+ Kf8 1/2-1/2

[Event "XVIII Festival A"]
[Site "Porto San Giorgio ITA"]
[Date "2006.08.22"]
[Round "2"]
[White "Rinaudo, Andrea"]
[Black "Roeder, Matthias"]
[Result "0-1"]
[WhiteElo "2116"]
[BlackElo "2423"]
[PlyCount "56"]
[EventDate "2006.08.21"]

1. e4 c5 2. Nf3 d6 3. Bb5+ Nc6 4. d4 cxd4 5. Nxd4 Bd7 6. O-O Nf6 7. Nc3 g6 8.
Re1 Bg7 9. h3 O-O 10. Be3 Nxd4 11. Bxd4 e5 12. Be3 Bxb5 13. Nxb5 Nxe4 14. Bxa7
d5 15. c4 Rxa7 16. Nxa7 Qb6 17. Qxd5 Qxf2+ 18. Kh2 Qg3+ 19. Kg1 Ng5 20. Kf1
Qf4+ 21. Ke2 Ne6 22. Nb5 Rd8 23. Nd6 Nd4+ 24. Kd3 Rxd6 25. Re4 Qg3+ 26. Re3
Qxe3+ 27. Kxe3 Rxd5 28. cxd5 Nc2+ 0-1

[Event "XVIII Festival A"]
[Site "Porto San Giorgio ITA"]
[Date "2006.08.22"]
[Round "2"]
[White "Saccona, Silvano"]
[Black "Sulava, Nenad"]
[Result "0-1"]
[WhiteElo "2162"]
[BlackElo "2489"]
[PlyCount "56"]
[EventDate "2006.08.21"]

1. e4 c5 2. Nf3 e6 3. d4 cxd4 4. Nxd4 a6 5. Be2 Nf6 6. f3 Nc6 7. Nxc6 bxc6 8.
Be3 e5 9. c3 d5 10. O-O Bd6 11. Nd2 O-O 12. Qc2 Be6 13. g4 h5 14. h3 Qe7 15.
Kg2 Nh7 16. Rh1 Bc5 17. Nf1 dxe4 18. fxe4 Ng5 19. Bxc5 Qxc5 20. Bf3 Rad8 21.
Re1 Rd7 22. gxh5 f5 23. h4 Nxf3 24. Kxf3 fxe4+ 25. Kg2 Bg4 26. Nh2 Bf3+ 27.
Nxf3 exf3+ 28. Kg3 f2 0-1

[Event "XVIII Festival A"]
[Site "Porto San Giorgio ITA"]
[Date "2006.08.23"]
[Round "3"]
[White "Altini, Daniele"]
[Black "Bokros, Albert"]
[Result "0-1"]
[WhiteElo "2292"]
[BlackElo "2464"]
[PlyCount "66"]
[EventDate "2006.08.21"]

1. e4 c5 2. Nf3 e6 3. d4 cxd4 4. Nxd4 Nf6 5. Nc3 d6 6. Be3 a6 7. a4 b6 8. Bc4
Bb7 9. f3 Qc8 10. Qe2 Be7 11. O-O O-O 12. g4 h6 13. Rf2 d5 14. exd5 exd5 15.
Bd3 Nc6 16. Nf5 Re8 17. Nxg7 Kxg7 18. Bxh6+ Kh8 19. Bf5 Nd4 20. Bxc8 Nxe2+ 21.
Rxe2 Raxc8 22. Be3 Bc5 23. Bxc5 bxc5 24. g5 d4 25. gxf6 dxc3 26. Kf2 Rxe2+ 27.
Kxe2 Re8+ 28. Kd3 cxb2 29. Rb1 Rb8 30. Rxb2 Be4+ 31. Kc3 Rxb2 32. Kxb2 Bxf3 33.
Kc3 Bd5 0-1

[Event "XVIII Festival A"]
[Site "Porto San Giorgio ITA"]
[Date "2006.08.23"]
[Round "3"]
[White "Bontempi, Piero"]
[Black "Fercec, Nenad"]
[Result "0-1"]
[WhiteElo "2318"]
[BlackElo "2497"]
[PlyCount "64"]
[EventDate "2006.08.21"]

1. e4 c5 2. c3 g6 3. d4 cxd4 4. cxd4 d5 5. e5 Nc6 6. Nc3 Nh6 7. Bf4 f6 8. Nf3
Nf7 9. Bb5 Bg4 10. exf6 exf6 11. O-O g5 12. Bg3 Be7 13. Re1 O-O 14. Nxd5 Qxd5
15. Bxc6 bxc6 16. Rxe7 Rfe8 17. Re3 f5 18. Qe2 Re4 19. Re1 Rae8 20. h3 Bh5 21.
b3 Rxe3 22. fxe3 f4 23. Bf2 Nd6 24. Qd1 Ne4 25. exf4 gxf4 26. Qd3 Re6 27. Nd2
Nxf2 28. Kxf2 Rxe1 29. Kxe1 Qxg2 30. Qf1 Qg3+ 31. Qf2 Qd3 32. Qf1 Qe3+ 0-1

[Event "XVIII Festival A"]
[Site "Porto San Giorgio ITA"]
[Date "2006.08.23"]
[Round "3"]
[White "Burmakin, Vladimir"]
[Black "Hanley, Craig A."]
[Result "1/2-1/2"]
[WhiteElo "2558"]
[BlackElo "2419"]
[PlyCount "136"]
[EventDate "2006.08.21"]

1. d4 Nf6 2. g3 e6 3. c4 c5 4. d5 exd5 5. cxd5 b5 6. Bg2 d6 7. Nh3 g6 8. O-O
Bg7 9. f4 O-O 10. Nf2 Ng4 11. Nxg4 Bxg4 12. h3 Bc8 13. e4 Nd7 14. Na3 Ba6 15.
Nc2 Re8 16. Re1 c4 17. Nb4 Nc5 18. Rb1 Bb7 19. b3 a5 20. Nc2 Ba6 21. bxc4 b4
22. a3 Na4 23. Qd3 Qc7 24. Ne3 Nc5 25. Qf1 Nxe4 26. axb4 axb4 27. Kh2 Bc3 28.
Rd1 Rac8 29. f5 Bxc4 30. Qf4 Nf6 31. Bb2 Nh5 32. Qf3 Qe7 33. Bxc3 bxc3 34. Re1
Bd3 35. Nc2 Bxc2 36. Rxe7 Rxe7 37. Rc1 Be4 38. Qe3 Rce8 39. f6 Nxf6 40. Qxc3
Nxd5 41. Qd4 Bxg2 42. Kxg2 Re2+ 43. Kh1 Re1+ 44. Rxe1 Rxe1+ 45. Kh2 Re2+ 46.
Kg1 Re5 47. Qd3 Kg7 48. Kh2 h5 49. Qd4 Kf6 50. Kh1 Ke6 51. Qc4 Ke7 52. Qb3 Nf6
53. Qb7+ Nd7 54. Kg2 Rf5 55. Kg1 Ke6 56. Qc8 Ke7 57. Qb7 d5 58. Kg2 Kd6 59.
Qa6+ Ke5 60. Qc6 Nf6 61. Qc7+ Ke6 62. Qc6+ Ke7 63. Qc5+ Kd7 64. Qb5+ Kd8 65.
Qb8+ Ke7 66. Qb4+ Ke6 67. Qb6+ Ke7 68. Qb4+ Ke6 1/2-1/2

[Event "XVIII Festival A"]
[Site "Porto San Giorgio ITA"]
[Date "2006.08.23"]
[Round "3"]
[White "Coratella, Giuseppe"]
[Black "Trent, Lawrence"]
[Result "0-1"]
[WhiteElo "2204"]
[BlackElo "2434"]
[PlyCount "50"]
[EventDate "2006.08.21"]

1. e4 c5 2. Nf3 d6 3. d4 cxd4 4. Nxd4 Nf6 5. Nc3 g6 6. Be3 Bg7 7. f3 O-O 8. Qd2
Nc6 9. Bc4 Bd7 10. O-O-O Rb8 11. Nde2 Na5 12. Bb3 b5 13. g4 b4 14. Nb1 Nxb3+
15. axb3 Qa5 16. g5 Nh5 17. Ng3 Qa2 18. Bd4 Bxd4 19. Qxd4 Nf4 20. h4 Rfc8 21.
Nd2 e5 22. Qe3 Rxc2+ 23. Kxc2 Rc8+ 24. Nc4 Rxc4+ 25. bxc4 Ba4+ 0-1

[Event "XVIII Festival A"]
[Site "Porto San Giorgio ITA"]
[Date "2006.08.23"]
[Round "3"]
[White "Granaldi, Alessandro"]
[Black "Naumkin, Igor"]
[Result "0-1"]
[WhiteElo "1995"]
[BlackElo "2430"]
[PlyCount "34"]
[EventDate "2006.08.21"]

1. e4 e5 2. Nf3 Nc6 3. Nc3 Nf6 4. Bb5 Bb4 5. O-O O-O 6. d3 Bxc3 7. bxc3 d6 8.
Bg5 Qe7 9. Re1 Nd8 10. d4 Bg4 11. d5 c6 12. dxc6 bxc6 13. Ba4 Rc8 14. Qd3 Ne6
15. Bxf6 Qxf6 16. Nd2 Nc5 17. Qc4 a5 0-1

[Event "XVIII Festival A"]
[Site "Porto San Giorgio ITA"]
[Date "2006.08.23"]
[Round "3"]
[White "Kohlweyer, Bernd"]
[Black "Rossi, Aldo A."]
[Result "1/2-1/2"]
[WhiteElo "2419"]
[BlackElo "2211"]
[PlyCount "47"]
[EventDate "2006.08.21"]

1. d4 d6 2. e4 Nf6 3. Nc3 Nbd7 4. g4 h6 5. h3 e5 6. Nge2 Be7 7. Bg2 Nh7 8. O-O
g5 9. Ng3 Nhf8 10. Nf5 Ng6 11. a4 Bf6 12. a5 a6 13. Ra3 Kf8 14. Nd5 Nb8 15.
dxe5 Bxe5 16. f4 gxf4 17. Nxf4 Nxf4 18. Bxf4 Bxf4 19. Rxf4 Nc6 20. Raf3 Ne5 21.
Rf1 Be6 22. Nd4 Kg7 23. Nf5+ Kf8 24. Nd4 1/2-1/2

[Event "XVIII Festival A"]
[Site "Porto San Giorgio ITA"]
[Date "2006.08.23"]
[Round "3"]
[White "Laketic, Gojko"]
[Black "Corvi, Marco"]
[Result "1/2-1/2"]
[WhiteElo "2461"]
[BlackElo "2318"]
[PlyCount "64"]
[EventDate "2006.08.21"]

1. e4 Nf6 2. e5 Nd5 3. d4 d6 4. c4 Nb6 5. f4 dxe5 6. fxe5 c5 7. d5 e6 8. Nc3
exd5 9. cxd5 c4 10. d6 Nc6 11. Bf4 g5 12. Ne4 gxf4 13. Nf6+ Qxf6 14. exf6 Be6
15. Qd2 O-O-O 16. O-O-O Bd5 17. Qxf4 Bxd6 18. Qh4 c3 19. bxc3 Bxa2 20. Rxd6
Rxd6 21. Nf3 Rhd8 22. Be2 Bb3 23. Bb5 a6 24. Be2 Na4 25. Qxh7 Nxc3 26. Kb2 Nxe2
27. Kxb3 Rd5 28. Qxf7 Rb5+ 29. Ka2 Nc3+ 30. Ka3 Nb1+ 31. Rxb1 Rxb1 32. Ka2 Rb5
1/2-1/2

[Event "XVIII Festival A"]
[Site "Porto San Giorgio ITA"]
[Date "2006.08.23"]
[Round "3"]
[White "Lettieri, Giuseppe"]
[Black "Jaracz, Pawel"]
[Result "0-1"]
[WhiteElo "2295"]
[BlackElo "2485"]
[PlyCount "72"]
[EventDate "2006.08.21"]

1. e4 c5 2. Nf3 e6 3. c3 Nf6 4. e5 Nd5 5. d4 cxd4 6. cxd4 d6 7. Bc4 Nb6 8. Bd3
dxe5 9. dxe5 N8d7 10. O-O Nc5 11. Bc2 Qxd1 12. Rxd1 Bd7 13. Nc3 Rc8 14. Ng5 h6
15. Nge4 Bc6 16. Be3 Ncd7 17. Bxb6 Nxb6 18. Bb3 Be7 19. f4 O-O 20. Rd4 Rfd8 21.
Rad1 Rxd4 22. Rxd4 Kf8 23. Kf2 a6 24. g3 Nd7 25. Ke3 Bd8 26. Nd6 Rb8 27. Rd1
Ke7 28. Bc2 f6 29. exf6+ Nxf6 30. Ke2 b5 31. Bg6 Bc7 32. Nce4 Bxd6 33. Nxd6 Rd8
34. Nf7 Bf3+ 35. Kxf3 Rxd1 36. Ne5 Rd2 0-1

[Event "XVIII Festival A"]
[Site "Porto San Giorgio ITA"]
[Date "2006.08.23"]
[Round "3"]
[White "Roeder, Matthias"]
[Black "Friedrich, Norbert"]
[Result "1/2-1/2"]
[WhiteElo "2423"]
[BlackElo "2292"]
[PlyCount "52"]
[EventDate "2006.08.21"]

1. Nf3 Nf6 2. c4 c6 3. Nc3 d5 4. e3 e6 5. b3 Nbd7 6. Qc2 Bd6 7. Bb2 O-O 8. Be2
b6 9. cxd5 cxd5 10. Nb5 Be7 11. Rc1 Bb7 12. Qc7 a6 13. Nbd4 Qxc7 14. Rxc7 Bd8
15. Rc1 Be7 16. Rc7 Bd8 17. Rxb7 Nc5 18. Ba3 Nxb7 19. Bxf8 Kxf8 20. O-O Bc7 21.
Rc1 Bd6 22. Rc6 Nd7 23. d3 g6 24. e4 e5 25. Nc2 d4 26. Nd2 b5 1/2-1/2

[Event "XVIII Festival A"]
[Site "Porto San Giorgio ITA"]
[Date "2006.08.24"]
[Round "4"]
[White "Calzetta Ruiz, Monica"]
[Black "Horvath, Peter"]
[Result "0-1"]
[WhiteElo "2329"]
[BlackElo "2465"]
[PlyCount "184"]
[EventDate "2006.08.21"]

1. e4 c5 2. Nc3 Nc6 3. Nf3 e5 4. Bc4 Be7 5. d3 d6 6. O-O Nf6 7. Ng5 O-O 8. f4
Bg4 9. Qd2 h6 10. Nf3 exf4 11. Qxf4 Qd7 12. Qg3 Kh7 13. a3 Rae8 14. h3 Be6 15.
Nd5 Bxd5 16. exd5 Ne5 17. Ba2 Ng6 18. Bd2 Nh5 19. Qg4 Qxg4 20. hxg4 Nhf4 21.
Rae1 Bf6 22. b4 Ne2+ 23. Kf2 Nd4 24. bxc5 dxc5 25. c3 Nxf3 26. Kxf3 Bh4 27. g3
Bf6 28. Kg2 Ne5 29. Re4 Nxd3 30. Bb1 c4 31. Rxc4 Re2+ 32. Kh3 Rxd2 33. Rf3 Kg8
34. Rxd3 Rxd3 35. Bxd3 Rd8 36. Be4 Be5 37. a4 Kf8 38. Rc5 Bd6 39. Rb5 b6 40. a5
Bc5 41. axb6 axb6 42. Rb2 Ra8 43. c4 Ra3 44. Kg2 Re3 45. Bf3 Rc3 46. Be2 Ke7
47. Ra2 Bd6 48. Ra7+ Kf6 49. Rd7 Be5 50. Rb7 Rxg3+ 51. Kf2 Rb3 52. Kg2 Bd6 53.
Rd7 Bc5 54. Rc7 Re3 55. Bf3 Re1 56. Rc6+ Ke7 57. Rc7+ Ke8 58. d6 Rg1+ 59. Kh2
Bxd6+ 60. Kxg1 Bxc7 61. Kg2 Ke7 62. Bd5 g6 63. Kf3 f5 64. gxf5 gxf5 65. Kf2 h5
66. Bf3 h4 67. Bg2 Kf6 68. Kf3 Ke5 69. Bh3 Bd6 70. Ke3 f4+ 71. Kd3 Bc5 72. Bg2
Bg1 73. Bf3 h3 74. Bc6 Bc5 75. Bd7 h2 76. Bc6 Be3 77. Bf3 Kd6 78. Bb7 Kc5 79.
Kc3 Bd4+ 80. Kd3 Be5 81. Bf3 Kb4 82. Bd5 Bd6 83. Kd4 Bc5+ 84. Kd3 Kb3 85. Bf3
Kb2 86. Be4 Be3 87. Bg2 Kc1 88. Bf3 Bd2 89. Kd4 Kc2 90. Be4+ Kd1 91. Kd3 Ke1
92. Bh1 Be3 0-1

[Event "XVIII Festival A"]
[Site "Porto San Giorgio ITA"]
[Date "2006.08.24"]
[Round "4"]
[White "Dragojlovic, Andjelko"]
[Black "Sulava, Nenad"]
[Result "0-1"]
[WhiteElo "2368"]
[BlackElo "2489"]
[PlyCount "60"]
[EventDate "2006.08.21"]

1. e4 d6 2. Nc3 Nf6 3. f4 g6 4. Bc4 Nxe4 5. Nxe4 d5 6. Qe2 Bg7 7. Bb3 dxe4 8.
Qxe4 O-O 9. Nf3 Nc6 10. Ne5 Bxe5 11. fxe5 Bf5 12. Qe3 Qd4 13. c3 Qd3 14. Qxd3
Bxd3 15. Bd5 Nxe5 16. Bxb7 Rab8 17. Bf3 Rb6 18. Kf2 Ba6 19. b3 Nd3+ 20. Kg1 f5
21. h4 e5 22. c4 Rd8 23. Ba3 Bb7 24. c5 Rb5 25. Be2 Bc6 26. h5 g5 27. h6 Kf7
28. Rd1 Rbb8 29. Bxd3 Rxd3 30. Kf2 Rbd8 0-1

[Event "XVIII Festival A"]
[Site "Porto San Giorgio ITA"]
[Date "2006.08.24"]
[Round "4"]
[White "Jaracz, Pawel"]
[Black "Trent, Lawrence"]
[Result "1/2-1/2"]
[WhiteElo "2485"]
[BlackElo "2434"]
[PlyCount "55"]
[EventDate "2006.08.21"]

1. e4 c5 2. Nf3 d6 3. d4 cxd4 4. Nxd4 Nf6 5. f3 g6 6. c4 Bg7 7. Be3 Nc6 8. Qd2
Bd7 9. Nc3 O-O 10. Bd3 Ne5 11. O-O Rc8 12. b3 a6 13. Be2 Re8 14. Rab1 e6 15.
Rfd1 Qe7 16. Bg5 Red8 17. Rbc1 Be8 18. Kh1 Qf8 19. f4 h6 20. Bh4 Nc6 21. Nf3
Ne7 22. Qe1 Nh5 23. Qd2 Nf6 24. Bd3 Nh7 25. Qe1 Bc6 26. a4 Re8 27. Bf2 g5 28.
fxg5 1/2-1/2

[Event "XVIII Festival A"]
[Site "Porto San Giorgio ITA"]
[Date "2006.08.24"]
[Round "4"]
[White "Miezis, Normunds"]
[Black "Collutiis, Duilio"]
[Result "1/2-1/2"]
[WhiteElo "2527"]
[BlackElo "2404"]
[PlyCount "201"]
[EventDate "2006.08.21"]

1. c4 c5 2. Nc3 e6 3. e4 Nc6 4. Nf3 Nf6 5. Be2 d5 6. exd5 exd5 7. cxd5 Nxd5 8.
O-O Be7 9. d4 cxd4 10. Nxd4 Nxc3 11. bxc3 O-O 12. Nxc6 bxc6 13. Qa4 Be6 14. Rd1
Qb6 15. Be3 Bc5 16. Rdb1 Bxe3 17. Rxb6 axb6 18. Qxc6 Bc5 19. a4 Rfd8 20. h4 Bd5
21. Qb5 Rd6 22. Rd1 Bc6 23. Qc4 Bxa4 24. Rxd6 Bxd6 25. g4 Bc5 26. Bf3 Ra7 27.
Qf4 Be8 28. Qb8 Re7 29. Kf1 Kf8 30. Bc6 h6 31. h5 f6 32. c4 Re5 33. Bd5 Re7 34.
f4 Re3 35. Qc8 Re7 36. Be6 Bd6 37. f5 Ra7 38. Qd8 Bc7 39. Qd2 Ra1+ 40. Ke2 Ra5
41. Bd5 Bf7 42. Qb4+ Rc5 43. Qa3 Bxd5 44. cxd5 Kg8 45. Qa4 Kh7 46. Qd7 Be5 47.
Qe6 Rc2+ 48. Kd1 Rg2 49. d6 Bxd6 50. Qxd6 Rxg4 51. Qxb6 Re4 52. Qb8 Re7 53. Kd2
Re5 54. Kc3 Re7 55. Kd4 Re5 56. Qa8 Rb5 57. Qe8 Re5 58. Qa4 Kh8 59. Qa8+ Kh7
60. Kc4 Re7 61. Kd5 Re1 62. Kd6 Re5 63. Qc8 Re1 64. Qe6 Ra1 65. Qe3 Ra5 66. Qb6
Re5 67. Kd7 Re1 68. Kd8 Re5 69. Qg1 Kh8 70. Qg2 Kh7 71. Kd7 Kh8 72. Qg4 Kh7 73.
Qc4 Re1 74. Qf7 Re5 75. Kd6 Re1 76. Qg6+ Kh8 77. Kd7 Re5 78. Kd6 Re1 79. Qg3
Re5 80. Qb3 Kh7 81. Qe6 Ra5 82. Qd7 Re5 83. Qc8 Re1 84. Kd7 Re5 85. Kd8 Re1 86.
Qe6 Ra1 87. Qc8 Re1 88. Qd7 Re5 89. Qd2 Kh8 90. Kd7 Kh7 91. Qa2 Re1 92. Qg2 Kh8
93. Qg6 Re5 94. Kd6 Kg8 95. Qg3 Kh7 96. Qc3 Kh8 97. Qd4 Kh7 98. Qc4 Re1 99. Qa2
Re5 100. Qe6 Ra5 101. Kd7 1/2-1/2

[Event "XVIII Festival A"]
[Site "Porto San Giorgio ITA"]
[Date "2006.08.25"]
[Round "5"]
[White "Bonugli, Carlo"]
[Black "Estremera Panos, Sergio"]
[Result "1/2-1/2"]
[WhiteElo "2064"]
[BlackElo "2345"]
[PlyCount "72"]
[EventDate "2006.08.21"]

1. e4 c5 2. Nc3 d6 3. g3 Nc6 4. Bg2 g6 5. d3 Bg7 6. f4 e6 7. Nf3 Nge7 8. O-O
O-O 9. Be3 b6 10. d4 d5 11. exd5 Nf5 12. Bf2 Ncxd4 13. Ne5 exd5 14. Nxd5 Be6
15. c4 Rc8 16. Re1 Re8 17. Rc1 b5 18. b3 bxc4 19. bxc4 Qa5 20. g4 Nd6 21. Bh4
Bxd5 22. Bxd5 Qxa2 23. Ra1 Qc2 24. Rxa7 Qxd1 25. Rxd1 Bxe5 26. fxe5 Rxe5 27.
Bf6 Re2 28. Rd7 Ne4 29. Bxd4 cxd4 30. Rxf7 Kh8 31. Rxd4 Ng5 32. Ra7 Nh3+ 33.
Kh1 Rf8 34. Ra8 Nf2+ 35. Kg1 Nh3+ 36. Kh1 Nf2+ 1/2-1/2

[Event "XVIII Festival A"]
[Site "Porto San Giorgio ITA"]
[Date "2006.08.25"]
[Round "5"]
[White "Burmakin, Vladimir"]
[Black "Midoux, Sebastien"]
[Result "1-0"]
[WhiteElo "2558"]
[BlackElo "2336"]
[PlyCount "65"]
[EventDate "2006.08.21"]

1. d4 Nf6 2. Nf3 g6 3. g3 Bg7 4. Bg2 O-O 5. O-O d5 6. c4 c6 7. Qb3 Qb6 8. Nc3
Rd8 9. Qa3 dxc4 10. Qxe7 Re8 11. Qd6 Bf5 12. Qf4 Na6 13. h4 Nb4 14. g4 Nbd5 15.
Qd2 Ne4 16. Nxd5 cxd5 17. Qf4 Be6 18. e3 f6 19. Ne1 g5 20. Qh2 f5 21. f3 Nf6
22. b4 fxg4 23. hxg5 gxf3 24. gxf6 Bxf6 25. Nxf3 Re7 26. b5 Rg7 27. Ne5 Bxe5
28. Qxe5 Bh3 29. Rf2 Rd8 30. Ba3 Bxg2 31. Rxg2 Rxg2+ 32. Kxg2 Qa5 33. Rg1 1-0

[Event "XVIII Festival A"]
[Site "Porto San Giorgio ITA"]
[Date "2006.08.25"]
[Round "5"]
[White "Di Caro, Calogero"]
[Black "Palac, Mladen"]
[Result "0-1"]
[WhiteElo "2340"]
[BlackElo "2584"]
[PlyCount "64"]
[EventDate "2006.08.21"]

1. d4 d5 2. c4 e6 3. Nf3 Nf6 4. g3 dxc4 5. Bg2 c6 6. O-O b5 7. Ne5 Bb7 8. a4 a6
9. Nc3 Nd5 10. e4 Nxc3 11. bxc3 Nd7 12. f4 Be7 13. Ng4 O-O 14. f5 exf5 15. Rxf5
f6 16. Nh6+ gxh6 17. Bxh6 Kh8 18. Bxf8 Nxf8 19. e5 fxe5 20. Be4 Bc8 21. Rxe5
Bf6 22. Qh5 Qc7 23. Re8 Bg4 24. Rxf8+ Rxf8 25. Qxg4 c5 26. dxc5 Bxc3 27. Rd1
Qxc5+ 28. Kh1 Qe3 29. Qh4 h6 30. Qe7 Bg7 31. axb5 c3 32. Qe6 c2 0-1

[Event "XVIII Festival A"]
[Site "Porto San Giorgio ITA"]
[Date "2006.08.25"]
[Round "5"]
[White "Farago, Ivan"]
[Black "Corvi, Marco"]
[Result "1-0"]
[WhiteElo "2513"]
[BlackElo "2318"]
[PlyCount "79"]
[EventDate "2006.08.21"]

1. d4 f5 2. c4 Nf6 3. g3 e6 4. Bg2 Be7 5. Nf3 O-O 6. O-O d6 7. Nc3 Ne4 8. Qc2
Nxc3 9. bxc3 Nc6 10. d5 Na5 11. dxe6 Bxe6 12. Nd4 Bxc4 13. Nxf5 Bf6 14. Ne3 Be6
15. Nd5 Be5 16. f4 c6 17. Ne3 Bf6 18. Rb1 Qe7 19. Rb4 d5 20. f5 Bf7 21. Ng4 Nc4
22. Nxf6+ gxf6 23. e4 d4 24. Bh6 Rfd8 25. Qe2 Kh8 26. Qg4 Rg8 27. Qh4 b5 28.
cxd4 Rg5 29. Rbb1 Ne3 30. Bxg5 fxg5 31. f6 gxh4 32. fxe7 Nxf1 33. Rxf1 Kg7 34.
d5 h3 35. Bxh3 cxd5 36. exd5 Bxd5 37. Rd1 Kf6 38. Rxd5 Kxe7 39. Rxb5 Kf6 40.
Ra5 1-0

[Event "XVIII Festival A"]
[Site "Porto San Giorgio ITA"]
[Date "2006.08.25"]
[Round "5"]
[White "Granaldi, Alessandro"]
[Black "Dragojlovic, Andjelko"]
[Result "1/2-1/2"]
[WhiteElo "1995"]
[BlackElo "2368"]
[PlyCount "55"]
[EventDate "2006.08.21"]

1. e4 c5 2. Nf3 g6 3. c4 Qa5 4. Nc3 Bg7 5. d4 Nc6 6. Be3 d6 7. d5 Bxc3+ 8. bxc3
Ne5 9. Nxe5 Qxc3+ 10. Bd2 Qxe5 11. Bd3 Nf6 12. f3 O-O 13. Bh6 Qc3+ 14. Kf2 Qb2+
15. Be2 Re8 16. Qd3 Ng4+ 17. fxg4 Qf6+ 18. Kg3 g5 19. h4 gxh4+ 20. Rxh4 Qxa1
21. Rh5 f6 22. e5 Qd4 23. e6 b5 24. Be3 Qxd3 25. Bxd3 bxc4 26. Bf5 Bb7 27. Rxh7
Bxd5 28. Bh6 1/2-1/2